000 00705cam a22002291 4500
001 ne 62001013
003 DLC
005 20260227111736.0
008 870817s1933 tu b 000 0btur
010 _ane 62001013
035 _a(OCoLC)16502439
040 _aDLC
_cWaU
_dWaU
_dDLC
042 _apremarc
050 0 0 _aPL248.B23
_bZ65
100 1 _aErgun, Sadettin Nüzhet.
245 1 0 _aŞeyhislâm Bahayî,
_bhayatı ve eserleri.
_c[Yazan] Sadettin Nüzhet.
260 _a[İstanbul]
_bKanaat Kütüphanesi,
_c1933.
300 _axl, 91 p.
_c18 cm.
490 0 _aMillî kütüphane, edebiyat serisi,
_v17
504 _aBibliography: p. [xxxviii]-xl.
600 0 0 _aŞeyhülislâm Bahâyî,
_d1601-1654.
999 _c45183
_d45183